000 00519nam a2200169Ia 4500
008 140911s9999 xx 000 0 und d
020 _a9781562867027
050 _aZ 699
_b.N819 2010
100 _aHuggett, Cindy.
245 _aVirtual training basics /
_cCindy Huggett.
260 _aSingapore:
_bMarshall Cavendish Business,
_cc2010.
300 _a239 pages :
_b illustration ;
_c22 cm.
504 _a Includes bibliographical references and index.
521 _aEducation
942 _kFOR
_cBK
999 _c275568
_d275568